000 00983cam a2200241 a 4500
999 _c4685
_d4685
020 _a0070699976
020 _a9780070699977
050 0 0 _aKF1600
_b.W47
100 1 _aWhitman, Douglas.
245 1 4 _aThe legal environment of business :
_bregulatory law and contracts /
_cDouglas Whitman, John William Gergacz, Murray Levin.
260 _aNew York :
_bMcGraw-Hill,
_cc1992.
300 _axxix, 747 p. :
_bill. ;
_c25 cm.
500 _aIncludes Index.
505 _aIntroduction to law business The American Legal System The common Law Foundation: Torts and contracts Legal Aspect of the firm and the regulation of its power Regulation of business activity International regulation of business activity
650 0 _aTrade regulation
650 0 _aContracts
650 0 _aCommercial law
650 0 _aIndustrial laws and legislation
650 0 _aBusiness enterprises
_xLaw and legislation
700 1 _aGergacz, John William.
700 1 _aLevin, Murray.
942 _cBK